Charakteristika obchodného personálu výrobných podnikov a jeho vlastnosti

Charakteristika obchodného personálu. Súbor vlastností alebo osobných charakteristík predajcu podľa niektorých autorov. Prieskum realizovaný za účelom získania informácií obchodného personálu výrobných podnikov na území Slovenskej republiky. Posúdenie vlastností z hľadiska dvoch kritérií - predajca...

Ausführliche Beschreibung

Gespeichert in:
Bibliographische Detailangaben
1. Verfasser: Kita, Pavol
Format: Buchkapitel
Sprache:Slowakisch
Schlagworte:
Tags: Tag hinzufügen
Keine Tags, Fügen Sie das erste Tag hinzu!

MARC

LEADER 00000naa$a2200000$$$4500
001 0119871
005 20240530083729.4
041 0 |a slo 
044 |a SK 
245 1 0 |a Charakteristika obchodného personálu výrobných podnikov a jeho vlastnosti  |c Pavol Kita 
520 |a Charakteristika obchodného personálu. Súbor vlastností alebo osobných charakteristík predajcu podľa niektorých autorov. Prieskum realizovaný za účelom získania informácií obchodného personálu výrobných podnikov na území Slovenskej republiky. Posúdenie vlastností z hľadiska dvoch kritérií - predajca a rokovateľ. Výsledky prieskumu. 
610 2 0 |a personál 
610 2 0 |a predajcovia 
610 2 0 |a obchod 
610 2 0 |a podnik výrobný 
610 2 0 |a partneri obchodní 
610 2 0 |a rokovania obchodné 
610 2 0 |a schopnosti pracovné 
610 2 0 |a vedomosti 
610 2 0 |a prieskum informačný 
100 1 |a Kita, Pavol